Česká zahraniční politika

Na minha lista:
Detalhes bibliográficos
Autor principal: Ort, Alexandr
Formato: Livro
Idioma:tcheco
Publicado em: Plzeň Vydavatelství a nakladatelství Aleš Čeněk 2009
Edição:2. uprav. vyd.
Assuntos:
Tags: Adicionar Tag
Sem tags, seja o primeiro a adicionar uma tag!

MARC

LEADER 00000nam$a2200000$$$4500
001 0096675
005 20240226134022.3
020 |a 978-80-7380-131-1 
041 0 |a cze 
044 |a CZ 
245 1 0 |a Česká zahraniční politika  |c Alexandr Ort 
250 |a 2. uprav. vyd. 
264 1 |a Plzeň  |b Vydavatelství a nakladatelství Aleš Čeněk  |c 2009 
300 |a 363 s. 
610 2 0 |a politika zahraničná 
610 2 0 |a vzťahy medzinárodné 
610 2 0 |a politika medzinárodná 
610 2 0 |a Česko 
610 2 0 |a Európa 
100 1 |a Ort, Alexandr